|
|
|
|
| LEADER |
00000nam0a2200000 4500 |
| 001 |
279212 |
| 005 |
20231101235204.0 |
| 020 |
|
|
|a RU
|b 86-62021
|
| 035 |
|
|
|a (RuTPU)RU\TPU\book\302490
|
| 090 |
|
|
|a 279212
|
| 100 |
|
|
|a 20141217d1986 k y0rusy5003 ca
|
| 101 |
0 |
|
|a rus
|
| 102 |
|
|
|a RU
|
| 105 |
|
|
|a a z 101zy
|
| 200 |
1 |
|
|a Материалы Всесоюзного совещания по получению профилированных кристаллов и изделий способом Степанова и их применению в народном хозяйстве (4-6 марта 1985 г.)
|f Академия наук СССР (АН СССР), Физико-технический институт им. А. Ф. Иоффе (ФТИ)
|
| 210 |
|
|
|a Ленинград
|c Изд-во ФТИ
|d 1986
|
| 215 |
|
|
|a 359 с.
|c ил.
|d 22 см
|
| 320 |
|
|
|a Библиогр. в конце докладов
|
| 606 |
1 |
|
|a Монокристаллы
|x Выращивание
|2 stltpush
|3 (RuTPU)RU\TPU\subj\80326
|9 88051
|
| 610 |
1 |
|
|a профилированные монокристаллы
|
| 610 |
1 |
|
|a структура
|
| 610 |
1 |
|
|a рост
|
| 610 |
1 |
|
|a физико-механические свойства
|
| 610 |
1 |
|
|a применение
|
| 610 |
1 |
|
|a поликристаллические изделия
|
| 610 |
1 |
|
|a композиционные материалы
|
| 610 |
1 |
|
|a совещания
|
| 675 |
|
|
|a 548.55(063)
|z rus
|v 4
|
| 712 |
0 |
2 |
|a Академия наук СССР (АН СССР)
|b Физико-технический институт им. А. Ф. Иоффе (ФТИ)
|c (Ленинград)
|2 stltpush
|3 (RuTPU)RU\TPU\col\12056
|
| 712 |
1 |
2 |
|a Получение профилированных кристаллов и изделий способом Степанова и их применение в народном хозяйстве
|c совещание
|e Ленинград
|f 1985
|
| 801 |
|
0 |
|a RU
|b RuMRKP
|c 19950704
|g psbo
|
| 801 |
|
1 |
|a RU
|b 63413507
|c 20141217
|
| 801 |
|
2 |
|a RU
|b 63413507
|c 20200824
|g RCR
|
| 942 |
|
|
|c BK
|